Manuel général des plantes, arbres et arbustes (Record no. 156206)
[ view plain ]
| 000 -LEADER | |
|---|---|
| campo de control de longitud fija | 01369nam a2200313 i 4500 |
| 001 - NÚMERO DE CONTROL | |
| campo de control | 156206 |
| 003 - IDENTIFICADOR DE NÚMERO DE CONTROL | |
| campo de control | ES-MaACL |
| 005 - FECHA Y HORA DE LA ÚLTIMA TRANSACCIÓN | |
| campo de control | 20251013232306.0 |
| 008 - DATOS DE LONGITUD FIJA--INFORMACIÓN GENERAL | |
| campo de control de longitud fija | 950227m18451857fr |||| | fre d |
| 040 ## - FUENTE DE CATALOGACIÓN | |
| Centro catalogador/agencia de origen | CAT |
| Lengua de catalogación | spa |
| Centro/agencia transcriptor | CAT |
| Centro/agencia modificador | CCPB |
| 080 #4 - NÚMERO DE LA CLASIFICACIÓN DECIMAL UNIVERSAL | |
| Número de la Clasificación Decimal Universal | 581 |
| 100 1# - ENTRADA PRINCIPAL--NOMBRE DE PERSONA | |
| Nombre de persona | Jacques, Antoine ( |
| Fechas asociadas al nombre | 1780-1866) |
| 9 (RLIN) | 128249 |
| 245 10 - MENCIÓN DEL TÍTULO | |
| Título | Manuel général des plantes, arbres et arbustes |
| Resto del título | : comprenant leur origine, description, culture ... et classés selon la méthode de Decandolle / |
| Mención de responsabilidad, etc. | par Jacques et Hérincq. |
| 260 ## - PUBLICACIÓN, DISTRIBUCIÓN, ETC. | |
| Lugar de publicación, distribución, etc. | Paris : |
| Nombre del editor, distribuidor, etc. | Librairie agricole de la maison rustique, |
| Fecha de publicación, distribución, etc. | 1845-1857. |
| 300 ## - DESCRIPCIÓN FÍSICA | |
| Extensión | 4 v. ; |
| Dimensiones | 19 cm. |
| 504 ## - NOTA DE BIBLIOGRAFÍA, ETC. | |
| Nota de bibliografía, etc. | Índices. |
| 594 ## - Nota al título y mención de responsabilidad | |
| Nota al título y mención de responsabilidad | Mención de responsabilidad en el v. 4: par Duchartre avec la collaboration de MM. Carrière et Naudin. |
| 594 ## - Nota al título y mención de responsabilidad | |
| Nota al título y mención de responsabilidad | En la parte superior de la port.: Flore des jardins de l'Europe. |
| 596 ## - NOTA AL PIE DE IMPRENTA | |
| NOTA AL PIE DE IMPRENTA | Fecha obtenida de NUC. |
| 597 ## - NOTA DE DESCRIPCIÓN FÍSICA | |
| NOTA DE DESCRIPCIÓN FÍSICA | T.I (39, 716 p.) -- T.II (674 p.) -- T.III (777 p.) -- T.IV (1049 p.) |
| 597 ## - NOTA DE DESCRIPCIÓN FÍSICA | |
| NOTA DE DESCRIPCIÓN FÍSICA | Texto a 2 col. |
| 650 #4 - PUNTO DE ACCESO ADICIONAL DE MATERIA--TÉRMINO DE MATERIA | |
| Término de materia o nombre geográfico como elemento de entrada | Flora- |
| Subdivisión geográfica | Europa. |
| 9 (RLIN) | 136131 |
| 700 1# - ENTRADA AGREGADA--NOMBRE PERSONAL | |
| Nombre de persona | Hérincq, François, |
| Fechas asociadas al nombre | 1820-1891 |
| 9 (RLIN) | 128122 |
| 700 1# - ENTRADA AGREGADA--NOMBRE PERSONAL | |
| Nombre de persona | Duchartre, Pierre Étienne Simon, |
| Fechas asociadas al nombre | 1811-1894 |
| 9 (RLIN) | 126861 |
| 700 1# - ENTRADA AGREGADA--NOMBRE PERSONAL | |
| Nombre de persona | Carrière, Élie Abel, |
| Fechas asociadas al nombre | 1818-1896 |
| 9 (RLIN) | 126359 |
| 700 1# - ENTRADA AGREGADA--NOMBRE PERSONAL | |
| Nombre de persona | Naudin, Charles Victor, |
| Fechas asociadas al nombre | 1815-1899 |
| 9 (RLIN) | 130402 |
| 852 ## - LOCALIZACIÓN | |
| Ubicación | ES-MaACL |
| Número de control de estantería | C-12095-98 |
| Nota libre | -- Enc. pasta española |
| Estatus retirado | Estado de pérdida | Estado de daño | No para préstamo | Colección | Biblioteca de origen | Biblioteca actual | Ubicación en estantería | Fecha de adquisición | Total de préstamos | Signatura topográfica completa | Código de barras | Visto por última vez | Precio de reemplazo | Tipo de ítem Koha |
|---|---|---|---|---|---|---|---|---|---|---|---|---|---|---|
| Libros del s. XIX | Biblioteca del Ateneo de Madrid | Biblioteca del Ateneo de Madrid | Sala Palomar | 17/01/2008 | C-12095-98 | 1163420 | 23/02/2023 | 23/02/2023 | Libro impreso antiguo |
